[Event "Cartagena zt 2.3 (Women)"]
[Site "Cartagena"]
[Date "2019.07.18"]
[Round "7"]
[White "Molina Valdes, Luisa Fernanda"]
[Black "Jaraba Andrade, Aura"]
[Result "0-1"]
[WhiteElo "1548"]
[BlackElo "1639"]
[PlyCount "156"]
[EventDate "2019.07.14"]
[EventType "swiss"]
[EventRounds "9"]
[EventCountry "COL"]
[SourceTitle "CBM 191 Extra"]
[Source "ChessBase"]
[SourceDate "2019.09.30"]
[SourceVersion "1"]
[SourceVersionDate "2019.09.30"]
[SourceQuality "1"]

1. e4 e5 2. Nf3 Nf6 3. Nxe5 d6 4. Nf3 Nxe4 5. Qe2 Qe7 6. d3 Nf6 7. Bg5 Nc6 8. Qxe7+ Bxe7 9. Nc3 Bf5 10. Be2 0-0-0 11. 0-0-0 h6 12. Be3 d5 13. Nb5 a6 14. Nbd4 Nxd4 15. Nxd4 Bg6 16. Rhe1 Rhe8 17. h3 c5 18. Nf3 d4 19. Bf4 Nd5 20. Bg3 Nb4 21. a3 Nc6 22. Nh4 Bg5+ 23. Kb1 Bxh4 24. Bxh4 f6 25. Bg4+ Kc7 26. Bg3+ Kb6 27. h4 Ne5 28. Bh3 Kc6 29. f4 Nd7 30. Rxe8 Rxe8 31. Re1 b5 32. Re6+ Rxe6 33. Bxe6 Nb6 34. b3 Nd5 35. Bg4 f5 36. Bf3 Kd6 37. h5 Bf7 38. Kc1 Nf6 39. Bb7 a5 40. Bf2 Bxh5 41. b4 axb4 42. axb4 Nd5 43. Bxd5 Kxd5 44. bxc5 Be8 45. Kb2 b4 46. Bh4 Bc6 47. Be7 Ke6 48. Bf8 Kf7 49. Bd6 Bxg2 50. Be5 g5 51. Bxd4 Bd5 52. Kc1 gxf4 53. Bf2 f3 54. Kd2 f4 55. Ke1 Kg6 56. Kf1 Kf5 57. Be1 b3 58. cxb3 Bxb3 59. c6 Ke6 60. Bd2 Kf5 61. c7 Be6 62. Kf2 Kg4 63. Bc3 h5 64. Be1 h4 65. Kg1 h3 66. Kh2 Kg5 67. d4 Kg6 68. Bf2 Kf7 69. Bg1 Ke8 70. Bf2 Kd7 71. d5 Bf5 72. Bd4 Kxc7 73. Be5+ Kd7 74. Bd4 Kd6 75. Bf2 Kxd5 76. Ba7 Ke4 77. Kg1 Kd3 78. Bb8 Ke2 0-1

[Event "COL-ch sf1"]
[Site "Medellin"]
[Date "2019.04.20"]
[Round "9"]
[White "Malagon Guzman, Juan Daniel"]
[Black "Molina Valdes, Luisa Fernanda"]
[Result "1/2-1/2"]
[WhiteElo "1219"]
[BlackElo "1586"]
[PlyCount "51"]
[EventDate "2019.04.16"]
[EventType "swiss"]
[EventRounds "10"]
[EventCountry "COL"]
[SourceTitle "CBM 190 Extra"]
[Source "ChessBase"]
[SourceDate "2019.07.15"]
[SourceVersion "1"]
[SourceVersionDate "2019.07.15"]
[SourceQuality "1"]

1. e4 d6 2. d4 Nf6 3. Nc3 e5 4. dxe5 dxe5 5. Qxd8+ Kxd8 6. Bg5 c6 7. Nf3 Bd6 8. 0-0-0 Ke7 9. Bc4 Be6 10. Bxe6 Kxe6 11. Rd3 Na6 12. Rhd1 Bc7 13. Ne1 Rad8 14. Kb1 Nc5 15. Rxd8 Rxd8 16. Rxd8 Bxd8 17. Nd3 Bb6 18. Nxc5+ Bxc5 19. f3 Nh5 20. Kc1 f6 21. Bd2 Bg1 22. g4 Nf4 23. Bxf4 exf4 24. h3 Ke5 25. Kd2 Be3+ 26. Kd3 1/2-1/2